The art of child placement.

Bibliographic Details
Main Author: Charnley, Jean
Format: Book
Language:English
Published: Minneapolis : University of Minnesota Press, [1955]
Subjects:

MARC

Tag First Indicator Second Indicator Subfields
LEADER 00000cam a2200000 4500
001 in00000069235
005 20151008051413.0
008 720315s1955 mnu 00000 eng u
010 |a  55007693  
035 |a (OCoLC)00264126 
035 |9 AAG7666AM 
040 |c WSU  |d TXA  |d UtOrBLW 
049 |a TXAM  |c [266665] 
050 0 |a HV875  |b .C43 
092 |a 362.73  |b C483a 
100 1 |a Charnley, Jean. 
245 1 4 |a The art of child placement. 
264 1 |a Minneapolis :  |b University of Minnesota Press,  |c [1955] 
300 |a 265 pages 
336 |a text  |b txt  |2 rdacontent 
337 |a unmediated  |b n  |2 rdamedia 
338 |a volume  |b nc  |2 rdacarrier 
650 0 |a Adoption. 
999 |a MARS 
999 f f |s 0ba2eec6-21ea-3593-bdb7-84f831b2b5a4  |i a8632894-a436-3472-99d0-701e16d6d7f4  |t 0 
952 f f |p ric  |a Texas A&M University  |b Rellis Campus  |c Joint Library Facility  |d Remote Storage  |t 0  |e HV875 .C43  |h Library of Congress classification  |i unmediated -- volume  |m A14800811076 
998 f f |a HV875 .C43  |t 0  |l Remote Storage